• 首页
  • 本馆介绍
  • 公告通知
  • 最新文献
  • 馆藏检索
  • 电子资源
  • 读者导购
  • 参考咨询
  • 我的图书馆
  • 登录
  • 详细信息显示
  • 放入我的书架
  • 预约/预借图书
  • 作者相关作品
  • 分类相关作品
  • 丛书相关作品
  • 出版社相关作品

书目信息

  • 表格格式
  • 工作单格式
  • 卡片格式
题名:
风水开运篇
    
 
作者: 黄家言 著
分册:  
出版信息: 南昌   百花洲文艺出版社  2004.07
页数: 186页
开本: 20cm
丛书名:
单 册:
中图分类: B992.4
科图分类:
主题词: 住宅--风水--中国 , 风水
电子资源:
ISBN: 7-80647-643-1
000 00790nam2 2200265 450
001 CAL 010090039160
005 20100405102638.80
010    @a7-80647-643-1@dCNY79.80
100    @a20040902d2004 em y0chiy0121 ea
101 0  @achi
102    @aCN@b360000
105    @aak z 000yy
106    @ar
200 1  @a风水开运篇@Afeng shui kai yun pian@f黄家言著
210    @a南昌@c百花洲文艺出版社@d2004.07
215    @a186页@c图@d20cm
300    @a实用装修美学风水胜典
330    @a本书从美学的角度,阐释现代家装中的风水禁忌现象,旨在以科学的方法解决住宅环境设计、装修材料选择。
606 0  @a住宅@x风水@y中国
606 0  @a风水
690    @aB992.4@v4
701  0 @a黄家言@AHuang Jia Yan@4著
801  0 @aCN@bRENTIAN@c20100405
905   @aBZT@dB992.4@e3@f10
906    @dCNY79.80@n0@r1
    
    风水开运篇/黄家言著.-南昌:百花洲文艺出版社,2004.07
    186页:图;20cm
    实用装修美学风水胜典
    
    ISBN 7-80647-643-1:CNY79.80
    本书从美学的角度,阐释现代家装中的风水禁忌现象,旨在以科学的方法解决住宅环境设计、装修材料选择。
●
相关链接 在五车中查询图书 在当当中查询图书 在豆瓣中查询图书


正题名:风水开运篇     索取号:B992.4/3         预约/预借

序号 登录号 条形码 馆藏地/架位号 状态 备注
1 739710   2000739710   中心书库南/007架B面6层6列/ [索取号:B992.4/3] 在馆    
2 739711   2000739711   中心书库南/007架B面6层6列/ [索取号:B992.4/3] 在馆    
3 739712   2000739712   中心书库南/007架B面6层6列/ [索取号:B992.4/3] 在馆    
4 739713   2000739713   中心书库南/007架B面6层6列/ [索取号:B992.4/3] 在馆    
5 739714   2000739714   中心书库南/007架B面6层6列/ [索取号:B992.4/3] 在馆    
6 739715   2000739715   中心书库南/007架B面6层6列/ [索取号:B992.4/3] 在馆    
7 739716   2000739716   中心书库南/007架B面6层6列/ [索取号:B992.4/3] 在馆    
8 739717   2000739717   中心书库南/007架B面6层6列/ [索取号:B992.4/3] 在馆    
9 739718   2000739718   中心书库南/007架B面6层6列/ [索取号:B992.4/3] 在馆    
10 739719   2000739719   中心书库南/007架B面6层6列/ [索取号:B992.4/3] 在馆    
山东省滨州职业学院图书馆 欢迎您!
大连网信软件有限公司© 版权所有